Nayi sadi (Record no. 798393)

MARC details
000 -LEADER
fixed length control field 00797nam a2200253Ia 4500
003 - CONTROL NUMBER IDENTIFIER
control field OSt
005 - DATE AND TIME OF LATEST TRANSACTION
control field 20220928133228.0
008 - FIXED-LENGTH DATA ELEMENTS--GENERAL INFORMATION
fixed length control field 220927b |||||||| |||| 00| 0 hin d
037 ## - SOURCE OF ACQUISITION
Terms of availability Textual
040 ## - CATALOGING SOURCE
Original cataloging agency SDCL
Transcribing agency SDCL
Language of cataloging hin
041 ## - LANGUAGE CODE
Source of code hin
Language code of text/sound track or separate title hin
100 ## - MAIN ENTRY--PERSONAL NAME
Personal name Pandey Mritunjay Ed.
9 (RLIN) 484823
245 #0 - TITLE STATEMENT
Title Nayi sadi
Remainder of title Nayi kahaniya (3 volume set) (hindi)
260 ## - PUBLICATION, DISTRIBUTION, ETC.
Place of publication, distribution, etc. Kolkata
Name of publisher, distributor, etc. Aanand Prakashan
Date of publication, distribution, etc. 2019
490 ## - SERIES STATEMENT
Volume/sequential designation V1:350p.
650 ## - SUBJECT ADDED ENTRY--TOPICAL TERM
Topical term or geographic name entry element Reference
942 ## - ADDED ENTRY ELEMENTS (KOHA)
Classification part O152,3N82x, Q9.1-.3 LR
Koha item type Textual
Source of classification or shelving scheme Colon Classification (CC)
Holdings
Withdrawn status Lost status Damaged status Not for loan Home library Current library Date acquired Source of acquisition Serial Enumeration / chronology Total Checkouts Full call number Barcode Date last seen Price effective from Koha item type
        South Campus Library South Campus Library 2022-09-28 1192, 12/03/2020, Bookwell Publication V1:350p.   O152,3N82x Q9.1-.3 LR SC1625345 2022-09-28 2022-09-28 Textual
Copyright @ Delhi University Library System